Steden van Noord-Holland - Statistics

General Stats
  • This quiz has been taken 58 times
  • The average score is 11 of 29
Answers on the Map
Answers color-coded by a green-red scale on the quiz's map according to % correct below.
 
Answer Stats
answer % Correct
Amsterdam
100%
Alkmaar
86%
Haarlem | Harlem
84%
Hoorn
79%
Zaandam
74%
Enkhuizen
70%
Purmerend
63%
Schagen
53%
Texel
51%
Texel
51%
Beverwijk
40%
Medemblik
40%
Weesp
37%
Naarden
35%
Monnickendam
33%
Muiden
33%
Edam
30%
Grootebroek
21%
Hem
14%
Winkel
14%
Langedijk
12%
Schellinkhout
12%
Westwoud
12%
Hoogwoud
9%
Wieringen
9%
Abbekerk
7%
Barsingerhorn
7%
Spanbroek
7%
Niedorp
5%
No matching quizzes found
Score Distribution
Percent of People with Each Score
Percentile by Number Answered
Your Score History
You have not taken this quiz